UM Logo

American history: (Record no. 8441)

MARC details
000 -LEADER
fixed length control field 00745nam a2200205 4500
008 - FIXED-LENGTH DATA ELEMENTS--GENERAL INFORMATION
fixed length control field 180206b xxu||||| |||| 00| 0 eng d
020 ## - INTERNATIONAL STANDARD BOOK NUMBER
International Standard Book Number 0-394-34302-6
082 ## - DEWEY DECIMAL CLASSIFICATION NUMBER
Edition number 1987
Classification number DC 973
Item number Am3
100 ## - MAIN ENTRY--PERSONAL NAME
9 (RLIN) 26148
Personal name Current, Richard N.
245 ## - TITLE STATEMENT
Title American history:
Remainder of title a survey volume 1 : to 1877/
Statement of responsibility, etc. Richard N. Current, T. Harry Williams, Frank Freidel and Alan Brinkley.
250 ## - EDITION STATEMENT
Edition statement SEVENTH EDITION
260 ## - PUBLICATION, DISTRIBUTION, ETC. (IMPRINT)
Place of publication, distribution, etc. New York:
Name of publisher, distributor, etc. Alfred A. Knope Inc.,
Date of publication, distribution, etc. ©1988
300 ## - PHYSICAL DESCRIPTION
Extent xiii, 133 pages:
Other physical details color illustration;
Dimensions 25 cm.
521 ## - TARGET AUDIENCE NOTE
Target audience note Includes index.
650 #0 - SUBJECT ADDED ENTRY--TOPICAL TERM
9 (RLIN) 26149
Topical term or geographic name as entry element United States
General subdivision History
700 ## - ADDED ENTRY--PERSONAL NAME
9 (RLIN) 26150
Personal name Williams, T. Harry
Relator term author
700 ## - ADDED ENTRY--PERSONAL NAME
9 (RLIN) 26151
Personal name Freidel, Frank
Relator term author
700 ## - ADDED ENTRY--PERSONAL NAME
9 (RLIN) 26152
Personal name Brinkley, Alan
Relator term author
942 ## - ADDED ENTRY ELEMENTS (KOHA)
Source of classification or shelving scheme Dewey Decimal Classification
Koha item type Circulation
Holdings
Withdrawn status Lost status Source of classification or shelving scheme Damaged status Not for loan Collection code Home library Current library Shelving location Date acquired Source of acquisition Total Checkouts Full call number Barcode Date last seen Date last checked out Copy number Price effective from Koha item type
    Dewey Decimal Classification     Circulation UM Digos College - LIC UM Digos College - LIC Book Cart 02/26/1994 Purchased 1 DC 973 Am3 1987 11220 06/08/2021 07/17/2019 1 02/06/2018 Circulation